Predstavlenije ob ideaľnom posle
Guardado en:
| Autor principal: | |
|---|---|
| Otros Autores: | |
| Formato: | Libro |
| Lenguaje: | ruso |
| Publicado: |
Moskva
Naučnaja kniga
2004
|
| Colección: | Klassika diplomatiji
|
| Materias: | |
| Etiquetas: |
Sin Etiquetas, Sea el primero en etiquetar este registro!
|
MARC
| LEADER | 00000nam$a2200000$$$4500 | ||
|---|---|---|---|
| 001 | 0054603 | ||
| 005 | 20240314091318.0 | ||
| 020 | |a 5-94935-038-3 | ||
| 041 | 0 | |a rus | |
| 044 | |a RU | ||
| 245 | 1 | 0 | |a Predstavlenije ob ideaľnom posle |c Lui Russo de Šamua ; perevod: L.A. Sifurova |
| 264 | 1 | |a Moskva |b Naučnaja kniga |c 2004 | |
| 300 | |a 157 s. | ||
| 490 | 1 | |a Klassika diplomatiji | |
| 830 | 0 | |a Klassika diplomatiji | |
| 610 | 2 | 0 | |a diplomacia |
| 610 | 2 | 0 | |a diplomati |
| 610 | 2 | 0 | |a osobnosť |
| 610 | 2 | 0 | |a história |
| 610 | 2 | 0 | |a etiketa |
| 610 | 2 | 0 | |a správanie |
| 610 | 2 | 0 | |a predpisy |
| 100 | 1 | |a Russo de Šamua, Lui | |
| 700 | 1 | |a Sifurova, L.A. | |